| 000 | 00466cam a2200181ua 4500 | ||
|---|---|---|---|
| 003 | OSt | ||
| 008 | 240320b |||||||| |||| 00| 0 eng d | ||
| 020 | _a9788173871085 | ||
| 041 | _aeng | ||
| 082 |
_a631.56 _bVER/PO |
||
| 100 |
_aVerma, L. R . _91339 |
||
| 245 | _aPost harvest technology of fruits and vegetables / | ||
| 250 | _a1 / | ||
| 260 |
_aNewdelhi : _bIndus publishing co. , _c2000. |
||
| 300 | _a528 p. | ||
| 700 | 1 |
_aJoshi, V K . _9404 |
|
| 942 | _cBK | ||
| 999 |
_c4771 _d4771 |
||